00350pab a2200121 454500008004000000100002000040245010400060260000900164300001400173362001100187650001200198773001800210180718b2005 xxu||||| |||| 00| 0 eng d aBoylan, Richard aClassified antigravity aerospace craft: military use of back-engineered extraterrestrial technology c2005 ap.156-67. aWinter aWeapons aWorld Affairs